Valtioiden pisimmät rajat #2 - Statistics

Yleistilastot
  • Tätä visaa on pelattu 2 133 kertaa
  • Keskiarvotulos 19 / 24
Vastaustilastot
Valtio Pituus Pisin raja % Oikein
Yhdysvallat 8893 km Kanada
100%
Ruotsi 1619 km Norja
100%
Pohjois-Korea 1416 km Kiina
96%
Irlanti 360 km Yhdistynyt kuningaskunta
94%
Latvia 453 km Liettua
91%
Kiina 4677 km Mongolia
91%
Iran 1458 km Irak
90%
Espanja 1214 km Portugali
87%
Venäjä 6846 km Kazakstan
85%
Belgia 620 km Ranska
81%
Sudan 1937 km Etelä-Sudan
77%
Oman 676 km Saudi-Arabia
77%
Brasilia 3400 km Bolivia
76%
Bolivia 3400 km Brasilia
76%
Nepal 1690 km Intia
76%
Costa Rica 330 km Panama
75%
Indonesia 1782 km Malesia
74%
Thaimaa 1800 km Myanmar
74%
Pakistan 2912 km Intia
73%
Kreikka 494 km Bulgaria
71%
Saksa 815 km Tšekki
71%
Nicaragua 922 km Honduras
70%
Eritrea 912 km Etiopia
65%
Libanon 375 km Syyria
64%
Ehtoja vastaavia visoja ei löytynyt
Tulosjakauma
Jokaisen tuloksen saaneiden osuus
Persentiili vastausten määrän mukaan
Tuloshistoriasi
Et ole pelannut tätä visaa